Fastest TDS Enemies in History - Statistics

General Stats
  • This quiz has been taken 11 times
    5 since last reset
  • The average score is 18 of 52
Answer Stats
Speed Answer % Correct
10 Error
100%
12 Glitch
100%
6 A
67%
8.5 Abomination
67%
6 B
67%
8 Bolt
67%
6 Breaker (Legacy)
67%
12 Bug
67%
8 C
67%
8 Circuit (Legacy)
67%
7.5 Enraged
67%
7 Fallen
67%
10 Fallen Rusher
67%
15 Fallen Rusher (Legacy)
67%
6 Fallen Tank
67%
25 Imposter
67%
6.5 Quick
67%
10 Rusher
67%
6 Shadow Boss
67%
7 Soul
67%
6 Speedy King
67%
6 Tank
67%
6.5 Arrow
33%
6 Cool Ducky
33%
7 Molten Hound
33%
7 Molten Mech
33%
6 SCT
33%
8 Shock
33%
6 Streamer
33%
6 Blight Walker
0%
6 Bomber Elf
0%
8 Charge
0%
6 Cookie Guard
0%
7.5 Corrupted Fallen
0%
6 Developer 1
0%
6 Developer 2
0%
6 Fallen Seraph
0%
6 Guest
0%
8 Hazard
0%
7 Hex Minion
0%
6 Husk
0%
7 Knight
0%
7 Korblox Guard
0%
6 Monkey (Legacy)
0%
6 Neuro Runner
0%
7 Possessed Armor (Armorless)
0%
7 Quick Pawn
0%
10 Sock Puppet
0%
6.5 Synaptic
0%
6 Toxic
0%
7.5 Wasterunner
0%
7.5 Withered
0%
No matching quizzes found
Score Distribution
Percent of People with Each Score
Percentile by Number Answered
Your Score History
You have not taken this quiz since the last reset